| 000 | 01577nam0a2200337 4500 | ||
|---|---|---|---|
| 001 | RU\NLR\BIBL_A\012584410 | ||
| 005 | 20211006170122.0 | ||
| 010 |
_a978-5-17-135678-1 _91000 |
||
| 021 |
_aRU _bКН-П-21-026474 _9КН-П-21-2045 |
||
| 035 | _a(NLR Aleph) 012584410 | ||
| 090 |
_a12532368 _c12532368 |
||
| 100 | _a20210824d2021 u y0rusy50 ca | ||
| 101 | 0 | _arus | |
| 102 | _aRU | ||
| 105 | _aa|||z|||000ay | ||
| 181 | 0 |
_ai _baxxe |
|
| 182 | 0 | _an | |
| 200 | 1 |
_aШкола бизнеса в деревне Упекше _e[сборник] _fЛеонид Бежин |
|
| 203 |
_aТекст _bвизуальный _cнепосредственный |
||
| 210 |
_aМосква _cАСТ _d2021 |
||
| 215 |
_a542, [2] с. _cил. _d21 |
||
| 225 | 1 | _aГородская проза | |
| 327 | 0 | _aСодерж.: повести: Коронация и смерть фартового жигана; День старой одежды; Школа бизнеса в деревне Упекше; Лисьи чары; рассказы: Власть имени, или Краткая история моего злодейства; Последний день султана Омара; Жуть: рассказ егеря; Благодарность; Нюша; Демон метеорологии [и др.] | |
| 333 | _a16+ | ||
| 686 | 2 | _aШ6(2=Р)8-44 | |
| 700 | 1 |
_aБежин _bЛ. Е. _f1949- _gЛеонид Евгеньевич _3RU\NLR\AUTH\7769503 |
|
| 942 | _cBOOK | ||
| 980 | _aNB | ||